000 00603nam a2200229Ia 4500
001 1217
005 20240113233450.0
007 ta
008 050202s1983 a g b000 u eng u
040 _aRef. stack
041 _aeng
082 _a030
_bCl 55 Ne
100 _aClarke , Graham .
245 0 _aNew caxton encyclopaedia Vol. 20 /
_cGraham Clarke ed.
_hTextual Documents
250 _a5th ed /
260 _aLondon :
_bCaxton publications ,
_c1983.
300 _a320p. :
_bill ;
_c32cm .
653 _aEncyclopaedia - caxton
942 _2ddc
_cBK
999 _c1214
_d1214